|
|
|
|
| LEADER |
00000nab a2200000 a 4500 |
| 001 |
vtls000914465 |
| 003 |
SK-MaSNL |
| 005 |
20260304011022.0 |
| 008 |
040720e19910523xo 0 slo |
| 035 |
|
|
|a KE23357
|
| 040 |
|
|
|a KEVKJB
|b slo
|c KEVKJB
|e AACR2
|
| 041 |
0 |
|
|a slo
|
| 044 |
|
|
|a xo
|c SK
|
| 080 |
|
|
|a 343.98
|2 1981
|
| 100 |
0 |
|
|a (pfu)
|4 aut
|9 882940
|
| 245 |
1 |
0 |
|a Keď je bistro výkričníkom noci...
|b Centrum východoslovenskej metropoly očami zákona.
|
| 650 |
0 |
7 |
|a kriminalita
|2 KEVKJB
|9 2180
|
| 650 |
0 |
7 |
|a trestné činy
|2 KEVKJB
|9 2181
|
| 650 |
0 |
7 |
|a charakteristika
|2 KEVKJB
|9 30093
|
| 650 |
0 |
7 |
|a opatrenia
|2 KEVKJB
|9 373813
|
| 650 |
0 |
7 |
|a reportáže
|2 KEVKJB
|9 75670
|
| 651 |
|
7 |
|a Košice (Slovensko)
|2 KEVKJB
|9 18694
|
| 651 |
|
7 |
|a KE,
|2 KEVKJB
|9 877256
|
| 655 |
|
7 |
|a periodikum
|2 snkbucl
|9 29553
|
| 773 |
0 |
8 |
|t Slovenský východ
|g Roč. 1
|g Roč. 20, č.119, 23.5.1991, s. 3
|
| 852 |
|
|
|a ZVYKNI
|b KIS3GCP
|
| 999 |
|
|
|c 2564138
|d 2566068
|